Genetic variation among Hevea provenances (Record no. 45778)

MARC details
000 -LEADER
fixed length control field 00540nam a2200193Ia 4500
100 ## - MAIN ENTRY--AUTHOR NAME
Personal name De Paiva Joao Rodrigues
245 #0 - TITLE STATEMENT
Title Genetic variation among Hevea provenances
260 ## - PUBLICATION, DISTRIBUTION, ETC. (IMPRINT)
Name of publisher Pesquisa Agropecuaria Brasileira
Year of publication 1985
300 ## - PHYSICAL DESCRIPTION
Number of Pages 97-107
650 ## - SUBJECT ADDED ENTRY--TOPICAL TERM
Topical Term Colletotrichum gloeosporioi
650 ## - SUBJECT ADDED ENTRY--TOPICAL TERM
Topical Term Hevea
650 ## - SUBJECT ADDED ENTRY--TOPICAL TERM
Topical Term Microcyclus ulei
650 ## - SUBJECT ADDED ENTRY--TOPICAL TERM
Topical Term Thanatephorus cucumeris
650 ## - SUBJECT ADDED ENTRY--TOPICAL TERM
Topical Term Vigour
700 ## - ADDED ENTRY--PERSONAL NAME
Personal name Gasparotto Luadih
700 ## - ADDED ENTRY--PERSONAL NAME
Personal name Goncalves Paulo De Souza
942 ## - ADDED ENTRY ELEMENTS (KOHA)
Koha item type Reprints
Holdings
Withdrawn status Lost status Damaged status Not for loan Home library Current library Date acquired Serial Enumeration / chronology Koha item type
      Reprints RRII Library RRII Library 22/12/2021 Volume 20, Issue 1 Reprints